Экспедиция "Тяготение": сборник научно-фантастических произведений; пер. с англ.

Λεπτομέρειες βιβλιογραφικής εγγραφής
Κύριος συγγραφέας: Клемент Х. Хол
Άλλοι συγγραφείς: Стругацкий А. (автор послесловия), Стругацкий Б. (иллюстратор), Сошинская К. А.
Περίληψη:Исключено из фонда НТБ ТПУ
Γλώσσα:Ρωσικά
Έκδοση: Москва, Мир, 1991
Σειρά:Зарубежная фантастика
Θέματα:
Μορφή: Βιβλίο
KOHA link:https://koha.lib.tpu.ru/cgi-bin/koha/opac-detail.pl?biblionumber=157466

MARC

LEADER 00000nam0a2200000 4500
001 157466
005 20250827122445.0
010 |a 5030027742 
035 |a (RuTPU)RU\TPU\book\170806 
090 |a 157466 
100 |a 20090408d1991 m y0rusy5003 ca 
101 1 |a rus  |c eng 
102 |a RU 
105 |a a z 000ay 
200 1 |a Экспедиция "Тяготение"  |e сборник научно-фантастических произведений   |e пер. с англ.  |f Х. Клемент  |g авт. послесл. А. Стругацкий ; Б. Стругацкий ; худож. К. А. Сошинская 
210 |a Москва  |c Мир  |d 1991 
215 |a 543 с.  |c ил.  |d 17 см 
225 1 |a Зарубежная фантастика 
333 |a Исключено из фонда НТБ ТПУ 
610 1 |a Научно-фантастические романы и рассказы 
610 1 |a американская литература 
675 |a 82 
700 1 |a Клемент  |b Х.  |g Хол  |4 070 
702 1 |a Стругацкий  |b А.  |4 075 
702 1 |a Стругацкий  |b Б.  |4 075 
702 1 |a Сошинская  |b К. А.  |4 440 
801 0 |a RU  |b RuMRKP  |c 19950417  |g psbo 
801 1 |a RU  |b 63413507  |c 20090408  |g PSBO 
801 2 |a RU  |b 63413507  |c 20090408  |g PSBO 
942 |c BK